Statistics for Countries of the world in Esperanto

Click here to take the quiz!

General Stats

  • This quiz has been taken 24 times
  • The average score is 91 of 196

Answers on the Map

Answers color-coded by a green-red scale on the quiz's map according to % correct below.
 

Answer Stats

Lando% Correct
Aŭstralio
92%
Alĝerio
85%
Argentino
85%
Brazilo
85%
Irano
85%
Italio
85%
Kanado
85%
Meksiko
85%
Mongolio
85%
Peruo
85%
Rusio
85%
Serbio
85%
Barato
77%
Bolivio
77%
Bulgario
77%
Ĉilio
77%
Ĉinio
77%
Eritreo
77%
Irako
77%
Irlando
77%
Jemeno
77%
Kubo
77%
Malio
77%
Maŭritanio
77%
Pakistano
77%
Panamo
77%
Sudano
77%
Aŭstrio
69%
Belgio
69%
Bosnio kaj Hercegovino
69%
Butano
69%
Islando
69%
Kroatio
69%
Libio
69%
Nepalo
69%
Niĝerio
69%
Niĝero
69%
Omano
69%
Somalio
69%
Venezuelo
69%
Albanio
62%
Angolo
62%
Armenio
62%
Belizo
62%
Ĉado
62%
Estonio
62%
Etiopio
62%
Francio
62%
Gabono
62%
Germanio
62%
Hispanio
62%
Kolombio
62%
Kosovo
62%
Latvio
62%
Moldavio
62%
Namibio
62%
Senegalo
62%
Srilanko
62%
Surinamo
62%
Turkio
62%
Usono
62%
Zambio
62%
Bangladeŝo
54%
Benino
54%
Domingo
54%
Dominiko
54%
Finnlando
54%
Haitio
54%
Honduro
54%
Jamajko
54%
Kataro
54%
Kostariko
54%
Laoso
54%
Lesoto
54%
Liberio
54%
Madagaskaro
54%
Malavio
54%
Montenegro
54%
Nauro
54%
Nederlando
54%
Palaŭo
54%
Salvadoro
54%
Siera-Leono
54%
Sirio
54%
Slovakio
54%
Slovenio
54%
Tanzanio
54%
Ugando
54%
Birmo
46%
Britio
46%
Burundo
46%
Ĉeĥio
46%
Ekvadoro
46%
Gambio
46%
Ganao
46%
Gvineo
46%
Hungario
46%
Israelo
46%
Japanio
46%
Kameruno
46%
Kenjo
46%
Kongo Brazavila
46%
Kongo Kinŝasa
46%
Maroko
46%
Monako
46%
Mozambiko
46%
Paragvajo
46%
Portugalio
46%
Respubliko Makedonio
46%
Rumanio
46%
Tajvano
46%
Trinidado kaj Tobago
46%
Unuiĝintaj Arabaj Emirlandoj
46%
Barejno
38%
Danio
38%
Gvatemalo
38%
Kamboĝo
38%
Kartvelio
38%
Kiribato
38%
Luksemburgo
38%
Malto
38%
Nikaragvo
38%
Norvegio
38%
Ruando
38%
San-Marino
38%
Svazilando
38%
Tajlando
38%
Tongo
38%
Urugvajo
38%
Vatikano
38%
Zimbabvo
38%
Afganio
31%
Andoro
31%
Azerbajĝano
31%
Egiptio
31%
Grekio
31%
Grenado
31%
Gujano
31%
Indonezio
31%
Jordanio
31%
Kipro
31%
Kuvajto
31%
Libano
31%
Nov-Zelando
31%
Samoo
31%
Svedio
31%
Taĝikio
31%
Turkmenio
31%
Tuvalo
31%
Uzbekio
31%
Vanuatuo
31%
Antigvo-Barbudo
23%
Bahamoj
23%
Barbado
23%
Belorusio
23%
Bocvano
23%
Brunejo
23%
Burkino
23%
Federacio de Mikronezio
23%
Fiĝioj
23%
Ĝibutio
23%
Kabo-Verdo
23%
Kazaĥio
23%
Kirgizio
23%
Komoroj
23%
Liĥtenŝtejno
23%
Malajzio
23%
Papuo-Nov-Gvineo
23%
Pollando
23%
Saŭda Arabio
23%
Sejŝeloj
23%
Sud-Afriko
23%
Suda Sudano
23%
Tunizio
23%
Ukrainio
23%
Ebur-Bordo
15%
Filipinoj
15%
Maldivoj
15%
Marŝaloj
15%
Maŭricio
15%
Nord-Koreio
15%
Salomonoj
15%
Sao-Tomeo kaj Principeo
15%
Singapuro
15%
Sud-Koreio
15%
Svislando
15%
Togolando
15%
Vjetnamio
15%
Centr-Afrika Respubliko
8%
Ekvatora Gvineo
8%
Gvineo Bisaŭa
8%
Litovio
8%
Orienta Timoro
8%
Sent-Kristofo kaj Neviso
8%
Sent-Lucio
8%
Sent-Vincento kaj Grenadinoj
8%

Score Distribution

Percentile by Number Answered

Percent of People with Each Score

Your Score History

You have not taken this quiz